Important People of the 15th Century - Statistics

General Stats
  • This quiz has been taken 352 times
  • The average score is 6 of 25
Answer Stats
Hint Answer % Correct
Italy (Explorer) Christopher Columbus
79%
Germany (Inventor) Johannes Gutenberg
67%
China (Explorer) Zheng He
64%
Spain (Queen) Isabella I
59%
France (Knight) Jean d'Arc
52%
Mali (King) Sonni Ali
50%
Italy (Scientist) Leonardo da Vinci
43%
UK (King) Edward IV
41%
Russia (Grand Prince) Ivan III
37%
Italy (Statesman) Lorenzo de Medici
24%
Turkey (Sultan) Mehmed II
17%
Mexico (Tllatoani) Moctezuma I
11%
Peru (Sapa Inca) Pachacuti Inca Yupanqui
3%
India (Poet) Kabir Das
2%
Germany (King) Sigismund
2%
China (Emperor) Yongle
2%
Austria (King) Albrecht II
1%
France (Author) Christine de Pizan
1%
Nigeria (Oba) Ewuare I
1%
Germany (Author) Heinrich Kramer
1%
China (Artist) Shen Zhou
1%
Tibet (Dalai Lama) Gendün Drub
0%
Japan (Statesman) Hosakawa Katsumoto
0%
New Zealand (Healer) Kahupeka
0%
Mexico (Poet) Macuilxochitzin
0%
No matching quizzes found
Score Distribution
Percent of People with Each Score
Percentile by Number Answered
Your Score History
You have not taken this quiz